LIBRARY & INFORMATION CENTRE, KCAET, TAVANUR

ONLINE PUBLIC ACCESS CATALOGUE (OPAC)

Story of Bardoli / (Record no. 6393)

MARC details
000 -LEADER
fixed length control field 00414cam a2200169ua 4500
041 ## - LANGUAGE CODE
Language code of text/sound track or separate title eng
082 ## - DEWEY DECIMAL CLASSIFICATION NUMBER
Classification number 320.58G
Item number MAH/ST
100 ## - MAIN ENTRY--AUTHOR NAME
Personal name Mahadev, Desai .
245 ## - TITLE STATEMENT
Title Story of Bardoli /
260 ## - PUBLICATION, DISTRIBUTION, ETC. (IMPRINT)
Place of publication Ahmadabad :
Name of publisher Navajivan publishing house ,
Year of publication 1957.
300 ## - PHYSICAL DESCRIPTION
Number of Pages 249 ; .
942 ## - ADDED ENTRY ELEMENTS (KOHA)
Koha item type Books
Holdings
Withdrawn status Lost status Damaged status Home library Current library Date acquired Full call number Accession Number Koha item type
Withdrawn     KAUAET Kelappaji 07/04/2012 320.58G 2386 Books
free website counter